| 000 | 00713nam a22002057a 4500 | ||
|---|---|---|---|
| 999 |
_c15432 _d15432 |
||
| 003 | AR-CdUCM | ||
| 008 | 190427b ||||| |||| 00| 0 spa d | ||
| 040 |
_aMUNICIPALIDAD PROVINCIAL DEL CUSCO _cBIBLIOTECA MUNICIPAL DEL CUSCO |
||
| 041 | _heng | ||
| 082 |
_a330 / _bH21 / 1915 |
||
| 100 |
_aChapman M., S. J. _934500 |
||
| 245 | _aEconomía política / | ||
| 260 |
_aBarcelona : _bIbérica, _c1915. |
||
| 300 |
_a186 páginas ; _c15.5 cm. |
||
| 505 | _aContenido: Introducción -- Demanda -- Oferta y demanda -- Monopolio -- El dinero -- Comercio internacional ... | ||
| 650 |
_aEconomía política _91408 |
||
| 700 |
_aXammar, Eugenio (traductor) _934501 |
||
| 942 |
_2ddc _cLIBROS |
||
| 945 |
_aacv _d2019-04-27 |
||